Meilleurs joueurs de Liga dans FIFA 23 - Statistiques

Statistiques générales
  • Ce quiz a été pris 182 fois
  • Le résultat moyen est 12 sur 23
Statistiques - réponses
Hint Réponse % Correct
1 Karim Benzema
95%
10 Vinicius
90%
2 Rober Lewandowski
88%
3 Thibault Courtois
87%
6 Luka Modric
86%
7 Marc-André ter Stegen
82%
5 Toni Kroos
82%
15 Pedri
70%
4 Jan Oblak
66%
9 Frenkie de Jong
59%
8 Antonio Rüdiger
58%
12 David Alaba
53%
19 Sergio Busquets
43%
16 Jordi Alba
41%
23 Jules Koundé
40%
11 Parejo
30%
13 Gerard Moreno
26%
14 Iago Aspas
26%
22 Joao Felix
20%
17 Memphis Depay
19%
18 Nabil Fekir
19%
20 Yannick Carrasco
16%
21 Marcos Acuna
12%
Aucun quiz correspondant
Distribution des résultats
% des personnes avec chaque résultat
Percentile par nombre de réponses
Votre historique - résultats
Vous n’avez pas pris ce quiz